| 000 | 00938cam a22002894a 4500 | ||
|---|---|---|---|
| 001 | 4520830 | ||
| 005 | 20201128021204.0 | ||
| 008 | 990525r20052000xxka fr2b f001 0 eng d | ||
| 010 | _a99016243 | ||
| 020 | _a0521651689 (hard) | ||
| 020 | _a0521657059 (pbk.) | ||
| 020 | _a9780521657051 | ||
| 040 |
_aDLC _cDLC _dDLC _dEG-ScBUE |
||
| 082 | 0 | 0 |
_a004.22 _222 _bCRA |
| 100 | 1 |
_aCragon, Harvey G. _937290 |
|
| 245 | 1 | 0 |
_aComputer architecture and implementation / _cHarvey G. Cragon. |
| 250 |
_a1st ed., _breprinted. |
||
| 260 |
_aCambridge, United Kingdom ; _aNew York, United States : _bCambridge University Press, _c2005. |
||
| 300 |
_ax, 317 p. : _bill. ; _c26 cm. |
||
| 500 | _aIndex : p. 310-317. | ||
| 500 | _aReprint of the 2000 ed. | ||
| 504 | _aIncludes bibliographical references. | ||
| 650 | 0 |
_a Computer architecture _92654 |
|
| 653 |
_bENGELC _cJanuary2015 |
||
| 655 |
_vreading book _934232 |
||
| 942 |
_2ddc _k004.22 CRA |
||
| 999 |
_c18920 _d18892 |
||